| 000 | 00876nam a22002533i 4500 | ||
|---|---|---|---|
| 001 | 80316 | ||
| 003 | BD-RjUL | ||
| 005 | 20220912142752.0 | ||
| 008 | 220713s1954 ii ||| | urd d | ||
| 035 | _a(BD-RjUL)80316 | ||
| 040 |
_aUkOxU _beng _erda _cUkOxU |
||
| 041 | _aurd | ||
| 082 |
_223 _a891.43908 _bHUB 1954 |
||
| 100 | 1 |
_aHussain,Tahur _94681 |
|
| 245 | 1 | 0 |
_a برگ گل منتخب مضامين كا مجموعه # # barg gl muntakhab madamin ka majmueuh / _cتہور حسین , افضل الرحمن ممتاز # #Tahur Hussain , Afzal Rahman Mumtaz / |
| 264 | 1 |
_aKarācī : _bAnjuman preess,, _c1954. |
|
| 300 |
_a324 pages : _bill. ; _c23 cm |
||
| 650 |
_aLeaf _94682 |
||
| 650 |
_aurdu litrature _94685 |
||
| 700 |
_aMumtaz, Afzal Rahman _94684 |
||
| 880 | 0 | 0 | _a : |
| 880 | 0 | 1 |
_6264-02//r _aکراچی : _bقادری اکادمی، _c1995. |
| 942 |
_2ddc _cBK |
||
| 999 |
_c80316 _d80316 |
||